| 000 | 00397nam a22001457a 4500 | ||
|---|---|---|---|
| 003 | OSt | ||
| 082 |
_a664 _bNAV/CO |
||
| 088 | _a591 | ||
| 100 |
_aNAVALE ABHISHEK GOVIND _95512 |
||
| 245 | _aA CONCHING CUM TEMPERING MACHINE FOR CHOCOLATE PRODUCTION | ||
| 260 |
_aTAVANUR _bDEPARTMENT OF PROCESSING AND FOOD ENGINEERING _c2023 |
||
| 300 | _a157 | ||
| 700 | _aRAJESH. G K (GUIDE) | ||
| 942 | _cTH | ||
| 999 |
_c17730 _d17730 |
||